000
00202 a2200097 4500
020
_a
9780670032198
041
_a
eng
100
_a
Dearie, john
245
_a
Love and other recreational sports
942
_c
BK
999
_c
4597
_d
4597